000 00750cam a22002653a 4500
001 21627
003 PGUSA
005 20140828083448.0
008 070528s2007||||xxu|||||s|||||000 1 eng d
040 _aPGUSA
_beng
042 _adc
050 4 _aPS
100 1 _aLaumer, Keith,
_d1925-1993
245 1 0 _aGambler's World
_h[electronic resource] /
_cKeith Laumer
260 _bProject Gutenberg,
_c2007
506 _aPublic domain in the USA.
516 _aElectronic text
653 _aShort stories
653 _aRetief (Fictitious character) -- Fiction
653 _aScience fiction
653 _aLife on other planets -- Fiction
830 0 _aProject Gutenberg
_v21627
856 4 0 _uhttp://www.gutenberg.org/ebooks/21627
942 _cEB
999 _c250882
_d250882